Technology Product Quiz - Statistics

General Stats
  • This quiz has been taken 885 times
  • The average score is 9 of 19
Answer Stats
Hint Answer % Correct
iPod Apple
98%
Windows Microsoft
97%
GalaxyS Samsung
91%
Kindle Amazon
81%
Android Google
81%
Walkman Sony
78%
Photoshop Adobe
77%
Blackberry Blackberry Ltd.
38%
Thinkpad IBM
38%
Xeon Intel
38%
Java Oracle
37%
Laserjet Hewlett-Packard
33%
Lumix Panasonic
21%
ColorQube Xerox
18%
Turbotax Intuit
13%
vSphere VMWare
11%
Lifebook Fujitsu
8%
Deskstar Western Digital
6%
Nexus Cisco
4%
No matching quizzes found
Score Distribution
Percent of People with Each Score
Percentile by Number Answered
Your Score History
You have not taken this quiz